000 008590000a22002890004500
001 28
003 CO-MdFUSB
005 20160311164524.0
008 160311t19721972eng |f |||| 00| 0 eng d
010 _aCO-MdFUSB
040 _cCO-MdFUSB
_erda
041 0 _aENG
082 0 4 _aR 220 Y681a
100 1 _aYoung, Robert
245 1 0 _aAnalytical concordance to Bible
_c / Robert Young
260 _aNew York., USA : Funk & Wagnalls
264 _aNew York., USA
_b: Funk & Wagnalls
_c1972
300 _a1228 Pag.
336 _a5
337 _2rdamedia
_a2
338 _a2
500 _aTo which is edded an entirely new supplement, entitled Recer discoveries in blible lands.
504 _aIncluye referencias bibliográficas: páginas
650 1 4 _aBIBLIA - CONCORDANCIAS
653 _aBIBLIA - CONCORDANCIAS
_aBIBLIA - CONCORDANCIAS
942 _cBK
999 _c31584
_d31584